Statistics for Guess the Taylor Swift Song Using Emojis

Click here to take the quiz!

General Stats

  • This quiz has been taken 58 times
  • The average score is 6 of 10

Answer Stats

HintAnswer% Correct
๐Ÿƒ๐Ÿš—Getaway Car
95%
โฌ‡๐Ÿ˜ˆDown Bad
85%
๐ŸงฝโœจClean
83%
๐Ÿค โ†”๐Ÿ‘ฉ๐Ÿผcowboy like me
83%
๐Ÿ‘‘โคKing Of My Heart
80%
๐Ÿง‘๐Ÿ’”๐ŸงธMy Boy Only Breaks His Favorite Toys
54%
๐Ÿšช๐Ÿ”™The Other Side of the Door
37%
๐Ÿ—จโŒ๐ŸƒSay Don't Go
27%
๐Ÿฅ‡๐Ÿ’จgold rush
24%
๐Ÿ˜จโŒFearless
20%

Score Distribution

Percentile by Number Answered

Percent of People with Each Score

Your Score History

You have not taken this quiz